Дворцовият манастир в Преслав (Запис номер 25144)
[ съкратено ]
| 000 -Лидер | |
|---|---|
| Контролно поле с фиксирана дължина | 01607nam a2200361 c 4500 |
| 003 - Код на организацията, давaща контролен номер | |
| Контролно поле | BLK |
| 005 - Дата и час на последна редакция | |
| Контролно поле | 20210119160525.0 |
| 008 - Елементи от данни с фиксирана дължина | |
| fixed length control field | 180413b bul|||||r ||||||| ||bul|| |
| 010 ## - Наследен системен номер | |
| LC control number | KNG00027678000 |
| 020 ## - Международен стандартен номер на книга ISBN | |
| Международен стандартен номер на книга ISBN | 954-8901-29-3 |
| 040 ## - Източник на каталожния запис | |
| Идентификатор на билиотеката - собственик на записа | BLK |
| 041 ## - Код за език | |
| Код за езика на текст/звукозапис или на отделно заглавие | Български |
| Код за езика КДБФ | Български |
| 080 ## - УДК | |
| Текстов определител УДК | Паметници на културата на историческите периоди. Археологическите паметници. Старини |
| УДК код - определител по УДК | 904 |
| УДК определител | (497.21-21) |
| УДК - код + определител | 904(497.21-21) |
| 100 1# - Редна дума - Автор | |
| Автор | Тотев, Тотю |
| Авторска отговорност | първи автор |
| R(LIN) | 364361 |
| 139 ## - Редно поле | |
| Редна дума | Тотев, Тотю |
| Авторски знак | Тот - Т 76 |
| 245 10 - Сведения за заглавието | |
| Заглавие | Дворцовият манастир в Преслав |
| Редно поле (дума) | Тотю Тотев; фотогр. Марчел Маркарян; фотогр. Нъшан Карагьозян. |
| 257 ## - Страна на издаване | |
| Страна на създаване/издаване | България |
| 260 ## - Област на издателските данни | |
| Име на издателя, разпространителя и проч. | Антос |
| Година на издаване | 1998 |
| Печатница | Варна : Брягпринт ЕАД |
| Място на издаване, разпространение и проч. | Шумен |
| 300 ## - Физическа характеристика | |
| Страници | 138 с. |
| Илюстрации и др. | с ил., 29 л. : ил., 1 л. : |
| Размери/Мащаб | 30 |
| 380 ## - Жанр | |
| Жанр | История |
| 490 ## - СЕРИИ (Колекции) | |
| Име на серия | Културно-историческо наследство на Североизточна България |
| 9 (RLIN) | 438606 |
| 500 ## - Общи забележки | |
| Забележка | Деп. списък: депозит сп.19 . - Рез. на рус., англ. ез. |
| 650 #4 - Допълнително описание по предмет – тема | |
| Основно описание – тема или топоним | Преслав - история |
| 9 (RLIN) | 252205 |
| 653 ## - Ключова дума – ненормативна | |
| Ключова дума | Преслав |
| 653 ## - Ключова дума – ненормативна | |
| Ключова дума | манастири |
| 700 1# - Други автори (авторска отговорност) | |
| Лично име | Маркарян, Марчел |
| Автороска отговорност (Описва отношението между автора и произведението) | фотогр. |
| 9 (RLIN) | 268063 |
| 700 1# - Други автори (авторска отговорност) | |
| Лично име | Карагьозян, Нъшан |
| Автороска отговорност (Описва отношението между автора и произведението) | фотогр. |
| 9 (RLIN) | 268064 |
| 852 ## - Местоположение | |
| Форматна сигнатура | Цб ІІ 10251 |
| 856 4# - Електронен адрес и достъп | |
| Електронен формат | pdf - файл |
| Път до файла /url/ | |
| 856 4# - Електронен адрес и достъп | |
| Електронен формат | pdf - файл |
| Път до файла /url/ | |
| 999 ## - СИСТЕМНИ КОНТРОЛНИ НОМЕРА | |
| Koha biblionumber | 25144 |
| Koha biblioitemnumber | 25144 |
| 942 ## - АРТИКУЛИ | |
| Вид на библиотечния материал | Книги |
| Скрит в OPAC | Не |
| Koha issues (borrowed), all copies | 1 |
| Периодичен библиозапис | Да |
| 944 ## - СЪЗДАВАНЕ И РЕДАКЦИЯ на ЗАПИСА | |
| Създаване/Редакция | Създаване |
| Дата на регистрацията/редакция | 15.05.2003 |
| Служител, извършил регистрацията/редакцията | AB_DOS |
| 944 ## - СЪЗДАВАНЕ И РЕДАКЦИЯ на ЗАПИСА | |
| Създаване/Редакция | Редакция |
| Дата на регистрацията/редакция | 15.05.2003 |
| 999 ## - СИСТЕМНИ КОНТРОЛНИ НОМЕРА | |
| Koha biblioitemnumber | 25144 |
| Код за отписване | Код за изгубен артикул | Източник на класификационната схема | Код за повреда | Коз за рестрикции | Код за отдаване | Артикулен № | Име на библиотеката - собственик | Име на библиотеката, в която се намира в момента | Статус (Текущо местоположение) | Дата на вписване в системата | Местоположение - отдел | Цена в лева | Инвентарен номер | Систематично азбучна сигнатура | Баркод | Номер на екземпляра | Цена в евро | Служебен тип на артикула | Служебна бележка |
|---|---|---|---|---|---|---|---|---|---|---|---|---|---|---|---|---|---|---|---|
| Изтеглен | Не е изгубен | Universal Decimal Classification | Не е повреден | без рестрикции | заемане за дома | 41310 | Регионална библиотека "Любен Каравелов" Русе | Регионална библиотека "Любен Каравелов" Русе | Заемна - подръчен фонд | 2001-01-01 | Заемна - подръчен фонд | 7.00 | 652715 | П 904(497.2)/Т 76 | 652715 | 1 | 3.58 | Книги | |
| Не е изгубен | Universal Decimal Classification | Не е повреден | без рестрикции | ползва се в читалня | 41311 | Регионална библиотека "Любен Каравелов" Русе | Регионална библиотека "Любен Каравелов" Русе | Хранилище | 2001-01-01 | Хранилище | 0.00 | 648495 | Цб ІІ 10251 | 120000648495 | 2 | 0.00 | Книги | ||
| Не е изгубен | Universal Decimal Classification | Не е повреден | без рестрикции | заемане за дома | 41312 | Регионална библиотека "Любен Каравелов" Русе | Регионална библиотека "Любен Каравелов" Русе | Заемна - подръчен фонд | 2003-04-29 | Заемна - подръчен фонд | 10.00 | 120000676056 | Цб ІІ 10251 | 120000676056 | 3 | 5.11 | Книги | Дост: DA Вид: А N: 13 Дата: 29.04.2003 Дата инв: 16.02.2018 Бележки инв: П2018 |